IEM Cologne Major 2026 - Participants - Statistiques

Statistiques générales
  • Ce quiz a été pris 3 fois
  • Le résultat moyen est 114 sur 192
Statistiques - réponses
Réponse % Correct
910
100%
Aleksib
100%
apEX
100%
Astralis
100%
Aurora Gaming
100%
b1t
100%
BIG
100%
bLitz
100%
br0
100%
Brollan
100%
cmtry
100%
cobrazera
100%
dem0n
100%
dgt
100%
donk
100%
dumau
100%
FalleN
100%
flameZ
100%
FlyQuest
100%
FURIA
100%
FUT Esports
100%
G2 Esports
100%
HeavyGod
100%
HooXi
100%
huNter-
100%
iM
100%
jabbi
100%
Jimpphat
100%
KSCERATO
100%
kyousuke
100%
kyxsan
100%
lauNX
100%
Legacy
100%
Lynn Vision Gaming
100%
m0NESY
100%
M80
100%
magixx
100%
MAJ3R
100%
makazze
100%
malbsMd
100%
MATYS
100%
mezii
100%
MIBR
100%
molodoy
100%
MOUZ
100%
mzinho
100%
NAF
100%
Natus Vincere
100%
NertZ
100%
NiKo
100%
NRG
100%
paiN Gaming
100%
ropz
100%
s1n
100%
sh1ro
100%
snow
100%
soulfly
100%
Spinx
100%
Staehr
100%
SunPayus
100%
Team Falcons
100%
Team Liquid
100%
Team Spirit
100%
Team Vitality
100%
Techno
100%
TeSeS
100%
The MongolZ
100%
tN1R
100%
torzsi
100%
w0nderful
100%
Wicadia
100%
woxic
100%
XANTARES
100%
xertioN
100%
YEKINDAR
100%
yuurih
100%
zont1x
100%
ZywOo
100%
9z Team
50%
afro
50%
alex666
50%
aliStair
50%
AZUWU
50%
B8
50%
BELCHONOKK
50%
BetBoom Team
50%
biguzera
50%
blameF
50%
Boombl4
50%
brnz4n
50%
C4LLM3SU3
50%
d1Ledez
50%
EliGE
50%
EmiliaQAQ
50%
faveN
50%
Gaimin Gladiators
50%
GamerLegion
50%
Gizmy
50%
gr1ks
50%
Grim
50%
HEN1
50%
HEROIC
50%
HUASOPEEK
50%
hypex
50%
INS
50%
insani
50%
Jame
50%
JDC
50%
Jee
50%
jks
50%
kl1m
50%
Krabeni
50%
Lake
50%
latto
50%
LNZ
50%
Magnojez
50%
Mercury
50%
meyern
50%
Monte
50%
Moseyuh
50%
n1ssim
50%
nilo
50%
nota
50%
oSee
50%
PARIVISION
50%
phzy
50%
Rainwaker
50%
REZ
50%
ryu
50%
s1ren
50%
saadzin
50%
Sharks Esports
50%
SINNERS Esports
50%
siuhy
50%
slaxz-
50%
Sonic
50%
Starry
50%
Swisher
50%
tabseN
50%
Tauson
50%
THUNDER dOWNUNDER
50%
TYLOO
50%
ultimate
50%
venomzera
50%
xfl0ud
50%
xiELO
50%
yxngstxr
50%
z4KR
50%
zweih
50%
arT
0%
asap
0%
beastik
0%
Bymas
0%
Chr1zN
0%
dexter
0%
doc
0%
dziugss
0%
esenthial
0%
felps
0%
gafolo
0%
JamYoung
0%
JBa
0%
JOTA
0%
kensizor
0%
kisserek
0%
koala
0%
Liazz
0%
luchov
0%
Luken
0%
max
0%
maxxkor
0%
MoDo
0%
NEKIZ
0%
nettik
0%
nitr0
0%
npl
0%
nqz
0%
piriajr
0%
PR
0%
rdnzao
0%
s1zzi
0%
SHOCK
0%
Snax
0%
story
0%
stressarN
0%
susp
0%
TjP
0%
Vexite
0%
vsm
0%
Westmelon
0%
Zero
0%
zorte
0%
Aucun quiz correspondant
Distribution des résultats
% des personnes avec chaque résultat
Percentile par nombre de réponses
Votre historique - résultats
Vous n’avez pas pris ce quiz